Housing Need and the Need for Housing / (Record no. 8640)

MARC details
000 -LEADER
fixed length control field 00714nam a22001817a 4500
003 - CONTROL NUMBER IDENTIFIER
control field OSt
005 - DATE AND TIME OF LATEST TRANSACTION
control field 20260312135054.0
008 - FIXED-LENGTH DATA ELEMENTS--GENERAL INFORMATION
fixed length control field 260312b |||||||| |||| 00| 0 eng d
020 ## - INTERNATIONAL STANDARD BOOK NUMBER
International Standard Book Number 9781138340862
040 ## - CATALOGING SOURCE
Transcribing agency n
082 ## - DEWEY DECIMAL CLASSIFICATION NUMBER
Classification number 307.1 F67 2020
100 ## - MAIN ENTRY--PERSONAL NAME
Personal name Fordhan, Richard
245 ## - TITLE STATEMENT
Title Housing Need and the Need for Housing /
Statement of responsibility, etc. Fordham, Richard; Finlay, Stephen; Gardener, Justin; Macmillan, Angus; Muldoon, Cecilia; Taylor, Geoff; Welch, Gary
260 ## - PUBLICATION, DISTRIBUTION, ETC.
Name of publisher, distributor, etc. United Kingdom. Routledge (Taylor & Francis Ltd). 2020
300 ## - PHYSICAL DESCRIPTION
Extent 371 pages ; 23 cm.
650 ## - SUBJECT ADDED ENTRY--TOPICAL TERM
Topical term or geographic name entry element Housing need – Housing policy – Social housing – Urban planning – Public policy – Housing markets – Homelessness
942 ## - ADDED ENTRY ELEMENTS (KOHA)
Source of classification or shelving scheme Dewey Decimal Classification
Koha item type English Book
Suppress in OPAC No
Holdings
Withdrawn status Lost status Source of classification or shelving scheme Damaged status Not for loan Home library Current library Date acquired Total Checkouts Full call number Barcode Date last seen Price effective from Koha item type
    Dewey Decimal Classification     CENTRAL TUWAIQ 03/12/2026   307.1 F67 2020 1000000029009 03/12/2026 03/12/2026 English Book